[Event "NOR-ch Seniors-A"]
[Site "Oslo"]
[Date "2015.07.11"]
[Round "9"]
[White "Kjolberg, Lars"]
[Black "Taksrud, Vidar"]
[Result "1-0"]
[WhiteElo "2101"]
[BlackElo "2028"]
[PlyCount "93"]
[EventDate "2015.07.04"]
[EventType "swiss"]
[EventRounds "9"]
[EventCountry "NOR"]
[SourceTitle "EXT 2017"]
[Source "ChessBase"]
[SourceDate "2016.10.25"]
[SourceVersion "1"]
[SourceVersionDate "2016.10.25"]
[SourceQuality "1"]

1. d4 Nf6 2. c4 e6 3. g3 Bb4+ 4. Bd2 c5 5. Bxb4 cxb4 6. Bg2 d5 7. Nd2 Nc6 8. Ngf3 0-0 9. 0-0 a5 10. a3 Bd7 11. axb4 Nxb4 12. Ne5 Bc6 13. e3 Ne8 14. Nxc6 bxc6 15. Qb3 Nd6 16. Ra4 Qc7 17. Rc1 Rfb8 18. Bf1 Qd8 19. Qc3 h5 20. Nb3 h4 21. c5 Ne4 22. Qe1 Nc2 23. Rxc2 Rxb3 24. Bg2 hxg3 25. hxg3 Nf6 26. Qa1 Nd7 27. Qa2 Rb4 28. Qa3 Rxa4 29. Qxa4 Qc7 30. b4 e5 31. Ra2 exd4 32. exd4 Nf6 33. bxa5 Ng4 34. Bf3 Nh6 35. Kg2 g5 36. a6 g4 37. Be2 Qd7 38. Qc2 Ra7 39. Qd2 Kh7 40. Bd3+ f5 41. Qg5 Qf7 42. Ra1 Qg6 43. Qf4 Qf6 44. Rb1 Kg6 45. Rb7 Ra8 46. Rd7 Nf7 47. Qxg4+ 1-0

[Event "NOR-chT 1415"]
[Site "Norway"]
[Date "2014.10.31"]
[Round "1"]
[White "Andersen, Oystein R"]
[Black "Kjolberg, Lars"]
[Result "0-1"]
[WhiteElo "2056"]
[BlackElo "2146"]
[PlyCount "120"]
[EventDate "2014.10.31"]
[EventType "team-tourn"]
[EventRounds "11"]
[EventCountry "NOR"]
[SourceTitle "EXT 2016"]
[Source "ChessBase"]
[SourceDate "2015.10.08"]
[SourceVersion "1"]
[SourceVersionDate "2015.10.08"]
[SourceQuality "1"]
[WhiteTeam "Black Knights"]
[BlackTeam "Oslo SK 1911"]
[WhiteTeamCountry "NOR"]
[BlackTeamCountry "NOR"]

1. c4 Nf6 2. g3 g6 3. Bg2 Bg7 4. Nc3 0-0 5. e4 d6 6. Nge2 c5 7. 0-0 Nc6 8. d3 Nd4 9. Nxd4 cxd4 10. Ne2 Nd7 11. b3 a5 12. Bb2 e5 13. f4 Nc5 14. Ba3 b6 15. Bxc5 bxc5 16. f5 Bh6 17. g4 Qg5 18. Ng3 Qd2 19. Qxd2 Bxd2 20. Rfd1 Be3+ 21. Kf1 Bg5 22. Rab1 Bd7 23. Ke2 Rfb8 24. Rh1 a4 25. Rb2 Rb7 26. Rhb1 Rab8 27. Kd1 Bd8 28. Kc1 Ba5 29. Ne2 Bb4 30. Kd1 Ba3 31. Rd2 axb3 32. axb3 Rxb3 33. Rxb3 Rxb3 34. Ng3 Bb4 35. Ra2 Rxd3+ 36. Kc1 Ra3 37. Rxa3 Bxa3+ 38. Kc2 Ba4+ 39. Kd3 Bc1 40. Ne2 Bg5 41. Ng1 Bb3 42. Bf3 Be3 43. Ne2 Bf4 44. Nxf4 exf4 45. g5 f6 46. h4 Kg7 47. Be2 h6 48. gxh6+ Kxh6 49. fxg6 Kxg6 50. Bg4 Ba2 51. Bf3 Kh6 52. Kc2 Bxc4 53. Bd1 Ba6 54. Bf3 Bf1 55. Bd1 Bg2 56. Kd3 Bf1+ 57. Kd2 Bb5 58. Bf3 Be8 59. Kd3 Bh5 60. Bg2 Bg4 0-1

[Event "NOR-ch Seniors-A"]
[Site "Lillehammer"]
[Date "2013.07.06"]
[Round "9"]
[White "Kjolberg, Lars"]
[Black "Sollid, Stein"]
[Result "1-0"]
[WhiteElo "2135"]
[BlackElo "2019"]
[PlyCount "69"]
[EventDate "2013.06.29"]
[EventType "swiss"]
[EventRounds "9"]
[EventCountry "NOR"]
[SourceTitle "EXT 2014"]
[Source "ChessBase"]
[SourceDate "2013.11.20"]
[SourceVersion "1"]
[SourceVersionDate "2013.11.20"]
[SourceQuality "1"]

1. d4 Nf6 2. c4 e6 3. Nf3 b6 4. e3 Bb7 5. Bd3 Bb4+ 6. Nbd2 0-0 7. 0-0 d5 8. a3 Be7 9. b4 a5 10. b5 Nbd7 11. cxd5 exd5 12. Bb2 Bd6 13. Ne5 Re8 14. f4 Qe7 15. a4 g6 16. Rc1 Rac8 17. Qf3 Ba8 18. Qh3 Nf8 19. Ndf3 Ne4 20. f5 f6 21. Nc6 Bxc6 22. Rxc6 Nc5 23. dxc5 Qxe3+ 24. Rf2 Bxc5 25. Rxc5 bxc5 26. Nd2 c4 27. Bf1 Qxh3 28. gxh3 Re3 29. Nxc4 dxc4 30. Bxc4+ Kg7 31. fxg6 Nxg6 32. Rxf6 Rce8 33. Rf7+ Kh6 34. Bc1 Nh4 35. Kf2 1-0

[Event "NOR-ch Seniors-A"]
[Site "Lillehammer"]
[Date "2013.07.05"]
[Round "8"]
[White "Strand, Oyvin"]
[Black "Kjolberg, Lars"]
[Result "0-1"]
[WhiteElo "1849"]
[BlackElo "2135"]
[PlyCount "115"]
[EventDate "2013.06.29"]
[EventType "swiss"]
[EventRounds "9"]
[EventCountry "NOR"]
[SourceTitle "EXT 2014"]
[Source "ChessBase"]
[SourceDate "2013.11.20"]
[SourceVersion "1"]
[SourceVersionDate "2013.11.20"]
[SourceQuality "1"]

1. d4 Nf6 2. Nf3 g6 3. c4 Bg7 4. Nc3 0-0 5. e4 d6 6. Be2 e5 7. d5 a5 8. Bg5 h6 9. Bh4 Na6 10. a3 Bd7 11. 0-0 Qe8 12. Bxf6 Bxf6 13. b3 Bg7 14. Qb1 f5 15. b4 axb4 16. axb4 Qe7 17. Ne1 h5 18. Nd3 fxe4 19. Nxe4 Bf5 20. f3 Bxe4 21. fxe4 Rxf1+ 22. Bxf1 Rf8 23. b5 Nb8 24. Qc1 Kh7 25. Qe3 Nd7 26. g3 Bh6 27. Qe2 Qg5 28. Bh3 Nf6 29. Re1 h4 30. g4 Qd2 31. Qxd2 Bxd2 32. Re2 Bc3 33. g5 Nh5 34. Kg2 Bd4 35. Bg4 Nf4+ 36. Nxf4 Rxf4 37. h3 Kg7 38. Bf3 Rf8 39. Ra2 Be3 40. Ra3 Bxg5 41. Ra7 Rb8 42. Kf2 Bd2 43. Ra2 Bc3 44. Kf1 Rf8 45. Kg2 Bd4 46. Bg4 Kh6 47. Bf3 Kg5 48. Bd1 Kf4 49. Ra3 Kg5 50. Bf3 Rh8 51. Bd1 Bc5 52. Ra1 Kf4 53. Bf3 Ke3 54. Ra2 Rf8 55. Rf2 Ra8 56. Bd1 Kxe4 57. Bc2+ Kd4 58. Bxg6 0-1

[Event "Marianske Lazne op"]
[Site "Marianske Lazne"]
[Date "2008.01.20"]
[Round "2"]
[White "Kjolberg, Lars"]
[Black "Golcman, Evgeny"]
[Result "1/2-1/2"]
[WhiteElo "2079"]
[BlackElo "2273"]
[PlyCount "91"]
[EventDate "2008.01.19"]
[EventType "swiss"]
[EventRounds "9"]
[EventCountry "CZE"]
[SourceTitle "CBM 122 Extra"]
[Source "ChessBase"]
[SourceDate "2008.03.04"]
[SourceVersion "1"]
[SourceVersionDate "2008.03.04"]
[SourceQuality "1"]

1. d4 Nf6 2. c4 c5 3. d5 g6 4. Nc3 Bg7 5. Nf3 d6 6. e4 0-0 7. Be2 e6 8. 0-0 exd5 9. exd5 Na6 10. h3 Nc7 11. Bf4 Nh5 12. Bg5 Bf6 13. Qd2 Re8 14. Rfe1 Be7 15. g4 Bxg5 16. Nxg5 Ng7 17. Qf4 f5 18. Bd3 Rf8 19. Ne6 Bxe6 20. dxe6 Ncxe6 21. Qh6 Qg5 22. Qxg5 Nxg5 23. Kg2 fxg4 24. hxg4 N7e6 25. Be4 Nxe4 26. Rxe4 Nd4 27. f4 Rae8 28. Rae1 Rxe4 29. Rxe4 Kf7 30. Nd5 Nc6 31. g5 h6 32. gxh6 Rh8 33. Kg3 Rxh6 34. Re1 Rh8 35. Re2 Re8 36. Rxe8 Kxe8 37. Kg4 Kf7 38. b3 Ne7 39. Nc3 a6 40. Kg3 Ke6 41. a4 b6 42. a5 bxa5 43. Ne4 d5 44. Nxc5+ Kd6 45. Na4 Ke6 46. Nc5+ 1/2-1/2

[Event "NOR-chT Ishav 0708"]
[Site "Oslo"]
[Date "2007.11.11"]
[Round "3"]
[White "Romsdal, Trond"]
[Black "Kjolberg, Lars"]
[Result "1/2-1/2"]
[WhiteElo "2066"]
[BlackElo "1997"]
[PlyCount "100"]
[EventDate "2007.11.09"]
[EventType "team-swiss"]
[EventRounds "9"]
[EventCountry "NOR"]
[SourceTitle "EXT 2010"]
[Source "ChessBase"]
[SourceDate "2010.11.25"]
[SourceVersion "1"]
[SourceVersionDate "2010.11.25"]
[SourceQuality "1"]

1. Nf3 e6 2. g3 f5 3. Bg2 Nf6 4. 0-0 c6 5. d3 Be7 6. c3 0-0 7. Nbd2 d6 8. e4 Kh8 9. e5 Ng4 10. exd6 Bxd6 11. h3 Ne5 12. Nxe5 Bxe5 13. d4 Bc7 14. Nf3 Nd7 15. Re1 Qf6 16. Qe2 Re8 17. Bg5 Qg6 18. Qd2 Nb6 19. b3 h6 20. Bf4 Qf7 21. Re2 Nd5 22. Bxc7 Qxc7 23. c4 Nf6 24. Ne5 Bd7 25. Rae1 Kg8 26. f4 Rad8 27. g4 Bc8 28. g5 Nd7 29. Nf3 Nf8 30. gxh6 gxh6 31. Kh1 Ng6 32. Ne5 Nxe5 33. fxe5 Qh7 34. Rg1 Kh8 35. Qc3 Rg8 36. d5 Rg5 37. Bf3 Rxg1+ 38. Kxg1 Rg8+ 39. Kh2 Bd7 40. Qd4 a6 41. Rg2 Rxg2+ 42. Bxg2 Qg7 43. dxc6 Bxc6 44. Bxc6 bxc6 45. b4 Qg5 46. h4 Qc1 47. a4 Qc2+ 48. Kg3 Qb3+ 49. Kf4 Qh3 50. Qd8+ Kh7 1/2-1/2

[Event "NOR-chT Ishav 0708"]
[Site "Oslo"]
[Date "2007.11.10"]
[Round "2"]
[White "Kjolberg, Lars"]
[Black "Forberg, Anders"]
[Result "0-1"]
[WhiteElo "1997"]
[BlackElo "2006"]
[PlyCount "96"]
[EventDate "2007.11.09"]
[EventType "team-swiss"]
[EventRounds "9"]
[EventCountry "NOR"]
[SourceTitle "EXT 2010"]
[Source "ChessBase"]
[SourceDate "2010.11.25"]
[SourceVersion "1"]
[SourceVersionDate "2010.11.25"]
[SourceQuality "1"]

1. d4 d6 2. c4 e5 3. Nf3 e4 4. Nfd2 f5 5. e3 Nf6 6. Nc3 Be7 7. Be2 0-0 8. 0-0 c6 9. f3 d5 10. Qb3 Kh8 11. Kh1 g5 12. Qc2 Rg8 13. Nb3 g4 14. f4 g3 15. h3 Ng4 16. Nd1 Nd7 17. Bd2 Bd6 18. Be1 Qh4 19. cxd5 cxd5 20. Nc5 Ndf6 21. Qb3 Nh2 22. a4 Nxf1 23. Bxf1 b6 24. Na6 Be6 25. Nb4 Ng4 26. Na2 Nh2 27. Qb5 Rac8 28. Nac3 Nxf1 29. Qxf1 Qe7 30. Qe2 Rc4 31. Qh5 a6 32. Qe2 Qb7 33. Kg1 Bf7 34. b3 Rc7 35. Bd2 h5 36. Be1 h4 37. Rb1 Rgc8 38. b4 Rc4 39. b5 a5 40. Bd2 Bb4 41. Rc1 Qe7 42. Qe1 Qd6 43. Nb2 R4c7 44. Nbd1 Bh5 45. Nb2 Bxc3 46. Rxc3 Rxc3 47. Bxc3 Qa3 48. Nd1 Qb3 0-1

[Event "NOR-ch qual-A"]
[Site "Oslo"]
[Date "2007.04.04"]
[Round "6"]
[White "Lindsoe, Fredrik Aunan"]
[Black "Kjolberg, Lars"]
[Result "0-1"]
[WhiteElo "1958"]
[BlackElo "1997"]
[PlyCount "70"]
[EventDate "2007.04.01"]
[EventType "swiss"]
[EventRounds "7"]
[EventCountry "NOR"]
[SourceTitle "EXT 2008"]
[Source "ChessBase"]
[SourceDate "2007.11.25"]
[SourceVersion "1"]
[SourceVersionDate "2007.11.25"]
[SourceQuality "1"]

1. d4 e6 2. Nf3 f5 3. c4 Bb4+ 4. Bd2 Bxd2+ 5. Qxd2 Nf6 6. Nc3 d6 7. g3 0-0 8. Bg2 Qe7 9. 0-0 Nc6 10. d5 Ne5 11. dxe6 Nxc4 12. Qf4 Bxe6 13. Nd4 c6 14. Nxf5 Bxf5 15. Qxc4+ d5 16. Qd4 a6 17. Rfe1 Rae8 18. Rac1 Qf7 19. f3 Re7 20. Bf1 Rfe8 21. Nd1 Nd7 22. Rc3 c5 23. Qf4 d4 24. Rc1 Be6 25. b3 Qxf4 26. gxf4 Bd5 27. Nb2 Bxf3 28. Nc4 Bc6 29. Kf2 Rf8 30. Kg3 b5 31. Nd2 Re3+ 32. Nf3 Nf6 33. f5 Ne4+ 34. Kf4 Nc3 35. Ne5 Re4+ 0-1

[Event "NOR-ch qual-A"]
[Site "Oslo"]
[Date "2007.04.03"]
[Round "4"]
[White "Tjoelsen, Katrine"]
[Black "Kjolberg, Lars"]
[Result "1/2-1/2"]
[WhiteElo "1905"]
[BlackElo "1997"]
[PlyCount "93"]
[EventDate "2007.04.01"]
[EventType "swiss"]
[EventRounds "7"]
[EventCountry "NOR"]
[SourceTitle "EXT 2008"]
[Source "ChessBase"]
[SourceDate "2007.11.25"]
[SourceVersion "1"]
[SourceVersionDate "2007.11.25"]
[SourceQuality "1"]

1. c4 e6 2. Nc3 f5 3. g3 Nf6 4. Bg2 Be7 5. d3 0-0 6. Nf3 Nc6 7. 0-0 e5 8. h3 d6 9. e4 fxe4 10. dxe4 Qe8 11. Nd5 Bd8 12. Qe2 Qg6 13. Re1 Qh5 14. Nd4 Qxe2 15. Nxe2 Nxd5 16. cxd5 Nb4 17. Rd1 c5 18. Nc3 Bd7 19. Bf1 Nc2 20. Rb1 Nd4 21. Be3 a5 22. a4 Rc8 23. b3 Bg5 24. Bc1 Bxc1 25. Rdxc1 g5 26. Kg2 Rf6 27. Rb2 Rcf8 28. Bc4 b6 29. Bf1 Rh6 30. g4 Rhf6 31. Nd1 Rf4 32. Bd3 h5 33. Ne3 hxg4 34. hxg4 Bxg4 35. Rg1 Bf3+ 36. Kf1 g4 37. Nc4 R4f6 38. Nxb6 R8f7 39. Nc4 Ra7 40. Ne3 Rg7 41. Rg3 Rh6 42. Rg1 Kf8 43. Ke1 Rb7 44. Kd2 Ke7 45. Kc3 Rb8 46. Nc4 Ra8 47. Nb6 1/2-1/2

[Event "NOR-chT 0607"]
[Site "Oslo"]
[Date "2006.11.11"]
[Round "2"]
[White "Kjolberg, Lars"]
[Black "Strand, Kjetil"]
[Result "0-1"]
[WhiteElo "2085"]
[BlackElo "2069"]
[PlyCount "58"]
[EventDate "2006.11.10"]
[EventType "team"]
[EventRounds "9"]
[EventCountry "NOR"]
[SourceTitle "CBM 115 Extra"]
[Source "ChessBase"]
[SourceDate "2007.01.10"]
[SourceVersion "1"]
[SourceVersionDate "2007.01.10"]
[SourceQuality "1"]

1. d4 d5 2. Nf3 Nf6 3. c4 c6 4. e3 Bf5 5. cxd5 cxd5 6. Qb3 Qc7 7. Bd2 e6 8. Bb5+ Nc6 9. 0-0 Bd6 10. Bb4 0-0 11. Bxc6 bxc6 12. Nbd2 Nd7 13. Rfc1 Rfc8 14. Bxd6 Qxd6 15. Qc3 c5 16. Qa3 Qb6 17. Rc3 c4 18. Rac1 Qb5 19. b3 Bd3 20. Ne1 Be2 21. f3 Nb6 22. Kf2 cxb3 23. axb3 Rxc3 24. Rxc3 a5 25. Rc7 Bd1 26. Nc4 dxc4 27. Qe7 Rf8 28. Rc5 Qxb3 29. Rg5 Nd5 0-1